00737nam a2200241 a 4500001001300000003000900013005001700022008004100039020002300080082001300103100002000116245005500136260004700191300000900238500003500247505002400282650002300306700002000329902000800349942000700357952011400364999001700478nice12345678IN_TiNIC20260116014344.0100119s2009 newa grp 000 0 eng  a9788184352016c55000a142bRAU aRaul, Karunakar aAgainst the Grain George Orwell and Existentialism aNew Delhi bAdhyayan Pubs. & Disbs. c2009 a206p aincludes index and biblioraphy2 aBibliography, Index aEnglish-Literature1 aRaul, Karunakar bSRS cBK 001040708StackRoom-aHMIbHMId2010-01-22g550.00l0o142 RAUp023079r2010-01-22v550.00w2010-01-19yBK c14958d14958